000 00754nam a22001817a 4500
999 _c217441
_d217441
008 201130b ||||| |||| 00| 0 eng d
040 _bger
_cDE-2950
_erda
_aDE-2950
041 _ager
100 _aMahlke, Lisa:
245 _aAm 1. Juli geht es wieder los.
_bKultur: Popcorn nicht auf dem Sofa, sondern auf roten Kinosesseln knabbern - wer hat das nicht vermisst? Frankfurts Kino bereitet sich auf die Wiedereröffnung vor /
_cLisa Mahlke
653 _aFrankfurt (Oder)
653 _aKino "Cinestar"
773 _dFrankfurt (Oder): Märkisches Verlags- und Druckhaus GmbH & Co KG
_g32. Jahrgang (2021) Nr. 142 vom 22.06.2021, S.13: Foto
_tMärkische Oderzeitung
942 _cA